Who said that? Walking Dead S3 Edition - Statistics

General Stats
  • This quiz has been taken 6 times
  • The average score is 7 of 15
Answer Stats
Hint Answer % Correct
"I want to marry Maggie. And we don't have to have a wedding... But I want her to know before..." Glenn
100%
"I killed my best friend for you people!" Rick
80%
"I didn't mean no offense. I've been locked up here in the prison and there weren't many women, you follow me?" Axel
60%
"In this life now you kill or you die. Or you die and you kill, " The Governor
60%
"I am there because those people need me" Andrea
40%
"I don't need you anymore. You just wanted to plant vegetables... They're all gone now because of you!" Carl
40%
"You'll be outside... the monsters will come... and they will tear you apart and eat you up" Carol
40%
"always do what's right," Lori
40%
"You don't have to fight anymore... We'll take care of each other." Maggie
40%
"You ain't got the spine for it," Merle
40%
"The truth is the path ahead has only grown darker... But even now, after all this time, surrounded by darkness there are still flashes of light" Michonne
40%
"You were out on your own when Daryl found you. I just want to make sure you know how to play on a team." Sasha
40%
"It's only going worse out there. Dead are everywhere and it's only making the living... less like the living." Tyreese
40%
"With more of us sitting here, we're drawing more of them out. You get enough of those damn fence-clingers, they start to herd up" Daryl
0%
"I still think there's a plan. I still believe there's a reason... Life is always a test" Hershel
0%
No matching quizzes found
Score Distribution
Percent of People with Each Score
Percentile by Number Answered
Your Score History
You have not taken this quiz